00614nam a22002057a 450000500170000000800410001702000260005804000080008404100120009208200200010410000240012424500370014826000320018530000220021744000310023950400500027060000250032065000530034585000100039820181217145317.0181217b xxu||||| |||| 00| 0 eng d a9788130914510cRs 195 beng aEnglish a823(I)bGHO-MON aMondal, Anshuman A. aAmitav GhoshcAnshuman A. Mondal aNew DelhibViva Booksc2010 axviii,211pb23 cm aContemporary World Writers aIncludes bibliographical references and index aGhosh, Amitavd1956- aIndian writing in EnglishvHistory and criticism aLCLIB